000 00952nam a2200253 a 4500
001 83117
003 BD-RjUL
005 20240220112258.0
008 240220s2023 bg ||||| |||| 00| 0 ben d
020 _a9789849586326
035 _a(BD-RjUL)83117
040 _aBD-RjUL
_beng
_cBD-RjUL
041 _aben
082 _223
_a633.18095492
_bSIH 2023
100 _aসিদ্দিকী, মাহবুব
_911722
245 _aহারিয়ে যাওয়া সোনার ধান /
_cমাহবুব সিদ্দিকী
260 _aঢাকা :
_bমধ্যমা,
_c২০২৩
300 _a৬৩৭ পৃ.:
_bচিত্রসমূহ;
_c২৫ সেমি.
650 _aPaddy
_xBangladesh
_911819
650 _aধান
_xবাংলাদেশ
_911820
650 _aকৃষি বিষয়ক প্রবন্ধ ধান
_911821
650 _aEssay on Agriculture Paddy
_911822
942 _2ddc
_cBK
999 _c83117
_d83117